[Event "76. LJUBLJANSKA SAHOVSKA LIGA 2024"]
[Site "gostovanja"]
[Date "2024.01.25"]
[Round "2.8"]
[White "Novakovic, Gosto"]
[Black "Medvesek, Janez"]
[Result "0-1"]
[WhiteElo "1706"]
[BlackElo "1893"]
[PlyCount "92"]
[EventDate "2024.01.25"]
[WhiteTeam "ZELENCI LPP"]
[BlackTeam "SK ZAGORJE OB SAVI"]

1. e4 c5 2. Nf3 a6 3. Nc3 Nc6 4. d4 cxd4 5. Nxd4 e5 6. Nf5 d6 7. Bc4 g6 8. Ne3
Bg7 9. Ned5 Be6 10. Be3 b5 11. Bb6 Qb8 12. Nc7+ Kd7 13. Bxe6+ fxe6 14. Nxa8
Qxa8 15. Qf3 Nf6 16. O-O-O Rf8 17. Qd3 Ne8 18. Bc5 Nd4 19. Bxd4 exd4 20. Ne2 e5
21. Qh3+ Kd8 22. f3 h5 23. Rd3 b4 24. Qe6 Rf6 25. Qc4 a5 26. Kb1 Nc7 27. Qg8+
Ne8 28. Rhd1 Qb7 29. Ka1 Rf7 30. c3 Ke7 31. cxd4 Nf6 32. Qxf7+ Kxf7 33. dxe5
dxe5 34. f4 Qxe4 35. fxe5 Qxe2 36. exf6 Bxf6 37. R3d2 Qe5 38. Rf1 Kg7 39. Rdf2
Bg5 40. g3 h4 41. gxh4 Bxh4 42. Rf3 a4 43. Kb1 Bg5 44. h3 a3 45. bxa3 bxa3 46.
Rxa3 Qb5+ 0-1

[Event "76. LJUBLJANSKA SAHOVSKA LIGA 2024"]
[Site "gostovanja"]
[Date "2024.01.25"]
[Round "2.8"]
[White "Regancin, Rudi"]
[Black "Becic, Semso"]
[Result "1-0"]
[WhiteElo "1883"]
[BlackElo "1595"]
[PlyCount "81"]
[EventDate "2024.01.25"]
[WhiteTeam "SK ZAGORJE OB SAVI"]
[BlackTeam "ZELENCI LPP"]

1. e4 e6 2. d4 c6 3. Nf3 Nf6 4. Bd3 Be7 5. c4 d5 6. e5 Nfd7 7. O-O O-O 8. c5 b6
9. cxb6 axb6 10. a3 Ba6 11. Nc3 Bxd3 12. Qxd3 c5 13. Be3 Nc6 14. Ne2 Nxd4 15.
Nexd4 cxd4 16. Bxd4 Bc5 17. b4 Bxd4 18. Qxd4 f6 19. Rfe1 f5 20. Rec1 Rc8 21.
Qd2 Rc7 22. Rxc7 Qxc7 23. Rc1 Qb8 24. Qc3 Qa7 25. Qc6 Qxa3 26. Qxe6+ Kh8 27.
Rd1 Qb3 28. Re1 Qa4 29. Qxd5 h6 30. Rd1 Nb8 31. Qd6 Kh7 32. Re1 Re8 33. e6 Qc6
34. Qe5 g6 35. Qf6 Rg8 36. h3 Rg7 37. Qf8 Na6 38. e7 Nc7 39. e8=Q Nxe8 40. Rxe8
g5 41. Qh8+ 1-0